000 00524nam a22001937a 4500
003 OSt
005 20170213174006.0
008 170213b xxu||||| |||| 00| 0 eng d
020 _a0521563070
040 _cDDC.
082 _a523STR 1996.
100 _aEdited by Cortes,T.Roca;Sanchez;
_911555
245 _aThe Structure of the sun:
260 _aCambridge.
_bCambridge university Press.
_c1996.
300 _axiv,400p;
_bill:
_c26cm.
504 _aincludes references.
650 _aPhysics.
_9809
942 _2ddc
_cO_SHELF
999 _c5539
_d5539